• 首页
  • 本馆介绍
  • 公告通知
  • 最新文献
  • 馆藏检索
  • 电子资源
  • 读者导购
  • 参考咨询
  • 我的图书馆
  • 登录
  • 详细信息显示
  • 放入我的书架
  • 预约/预借图书
  • 作者相关作品
  • 分类相关作品
  • 丛书相关作品
  • 出版社相关作品

书目信息

  • 表格格式
  • 工作单格式
  • 卡片格式
题名:
世界历史
    
 
作者: 齐世荣 总主编 ;侯建新 , 许斌 , 王亚平 册主编
分册: 上册   九年级
出版信息: 北京   人民教育出版社  2018
页数: 106页
开本: 26cm
丛书名:
单 册:
中图分类: G634.521 , G634.51
科图分类:
主题词: 世界史课--Shi Jie Shi Ke--初中--教材
电子资源:
ISBN: 978-7-107-32903-6
000 00873nam0 2200277 450
001 525465
005 20241125161735.47
010    @a978-7-107-32903-6@dCNY6.90
100    @a20241025d2018 demy0chiy50 ea
101 0  @achi
102    @aCN@b110000
105    @aa z 000yy
106    @ar
200 1  @a世界历史@AShi Jie Li Shi@i九年级@h上册@f齐世荣总主编
210    @a北京@c人民教育出版社@d2018@h2024重印
215    @a106页@c图@d26cm
300    @a义务教育教科书
606 0  @a世界史课@AShi Jie Shi Ke@x初中@j教材
690    @aG634.521@v5
690    @aG634.51@v4
701  0 @a齐世荣@AQi Shi Rong@f(1926-2015)@4总主编
702  0 @a侯建新@AHou Jian Xin@f(1951-)@4册主编
702  0 @a许斌@AXu Bin@4册主编
702  0 @a王亚平@AWang Ya Ping@c(历史,@f1952-)@4编写
801  0 @aCN@bAHXH@c20241025
905    @b214152414@b214152405@b214152398@dG634.51@e2913:3(1)@f3
    
    世界历史.九年级.上册/齐世荣总主编.-北京:人民教育出版社,2018(2024重印)
    106页:图;26cm
    义务教育教科书
    
    ISBN 978-7-107-32903-6:CNY6.90
    
●
相关链接 在E读中查询图书 在五车中查询图书 在当当中查询图书 在豆瓣中查询图书


正题名:世界历史     索取号:G634.51/2913:3(1)         预约/预借

序号 登录号 条形码 馆藏地/架位号 状态 备注
1 1415239   214152398   第四借阅区/ [索取号:G634.51/2913:3(1)] 在馆    
2 1415240   214152405   第四借阅区/ [索取号:G634.51/2913:3(1)] 在馆    
3 1415241   214152414   第四借阅区/ [索取号:G634.51/2913:3(1)] 在馆    
唐山师范学院图书馆 欢迎您!
大连网信软件有限公司© 版权所有